Les essais de Montaigne (Record no. 89473)

MARC details
000 -LEADER
campo de control de longitud fija 00728nam a2200217 i 4500
001 - NÚMERO DE CONTROL
campo de control 89473
003 - IDENTIFICADOR DE NÚMERO DE CONTROL
campo de control ES-MaACL
005 - FECHA Y HORA DE LA ÚLTIMA TRANSACCIÓN
campo de control 20250712063124.0
007 - CAMPO FIJO DE DESCRIPCIÓN FÍSICA--INFORMACIÓN GENERAL
campo de control de longitud fija t|
008 - DATOS DE LONGITUD FIJA--INFORMACIÓN GENERAL
campo de control de longitud fija 050111q1930 fr ||||1| fre d
100 1# - ENTRADA PRINCIPAL--NOMBRE DE PERSONA
Nombre de persona Lanson, Gustave,
Fechas asociadas al nombre 1857-1934
9 (RLIN) 70098
245 14 - MENCIÓN DEL TÍTULO
Título Les essais de Montaigne
Resto del título : étude et analyse /
Mención de responsabilidad, etc. par Gustave Lanson.
260 ## - PUBLICACIÓN, DISTRIBUCIÓN, ETC.
Lugar de publicación, distribución, etc. París :
Nombre del editor, distribuidor, etc. Mellotée,
Fecha de publicación, distribución, etc. [1930?]
300 ## - DESCRIPCIÓN FÍSICA
Extensión 384 p. ;
Dimensiones 19 cm.
490 1# - MENCIÓN DE SERIE
Mención de serie Les chefs-d'oeuvre de la litterature expliqués
600 04 - PUNTO DE ACCESO ADICIONAL DE MATERIA--NOMBRE DE PERSONA
Nombre de persona Montaigne, Michel de-
Subdivisión general Crítica e interpretación.
9 (RLIN) 82330
830 0# - PUNTO DE ACCESO ADICIONAL DE SERIE-TÍTULO UNIFORME
Título uniforme Les chefs-d'oeuvre de la litterature expliqués
9 (RLIN) 184115
852 ## - LOCALIZACIÓN
Ubicación ES-MaACL
Número de control de estantería B-5882
852 ## - LOCALIZACIÓN
Ubicación ES-MaACL
Número de control de estantería A-2288
Holdings
Estatus retirado Estado de pérdida Estado de daño No para préstamo Biblioteca de origen Biblioteca actual Ubicación en estantería Fecha de adquisición Fuente de adquisición Total de préstamos Signatura topográfica completa Código de barras Visto por última vez Precio de reemplazo Tipo de ítem Koha
        Biblioteca del Ateneo de Madrid Biblioteca del Ateneo de Madrid Sala Pecera Planta 1 17/01/2008     A-2288 1093443 23/02/2023 23/02/2023 Libro impreso
        Biblioteca del Ateneo de Madrid Biblioteca del Ateneo de Madrid Sala Pardo Bazán 17/01/2008     B-5882 1093442 23/02/2023 23/02/2023 Libro impreso